000 00915nab a2200253 u 4500
001 16386
003 HDC
007 cr bn ---aaaaa
008 210220c20111221my dr|noo 0 a eng d
040 _aHDC
100 _aMohd Khairi Idham Amran
_eauthor
_916081
245 0 _aMalaysia: Innovation And Premium Halal Products Key To Becoming Halal Industry Hub / by
_cMohd Khairi Idham Amran
260 _a[No place] :
_b[publisher not identified],
_c2011
336 _atext
_2rdacontent
337 _acomputer
_2rdamedia
338 _aonline resource
_2rdacarrier
650 _aHalal industry hub
_916232
650 _aHalal Products
_zMalaysia
_99866
710 _aHalal Focus
856 _zRequest full-text at [email protected]
942 _2lcc
942 _cNEWS
942 _kNWSO 005702
999 _c13702
_d13702